| 000 | 00643nam a22001577a 4500 | ||
|---|---|---|---|
| 003 | OSt | ||
| 005 | 20190528143112.0 | ||
| 008 | 190528b xxu||||| |||| 00| 0 eng d | ||
| 040 | _cRUA | ||
| 082 | _aAGR MOM 2015 B475 Or.1 | ||
| 100 |
_913562 _amom mei,មុំ មុី |
||
| 245 | _aeffect of organic fertilizers on chinese cabbage at royal university of agriculture,ឥទិ្ធពលជីធម្មជាតិទៅដំណាំស្ពៃតឿនៅសាកលវិទ្យាល៍យភូមិន្ទកសិកម្ម | ||
| 260 |
_aphnom penh _bRUA _c2015 |
||
| 300 |
_axiii;50p; _bill; _c29cm; |
||
| 942 |
_2ddc _cAGR |
||
| 999 |
_c17899 _d17899 |
||